[Event "Torino Sada op"]
[Site "Torino"]
[Date "2012.10.22"]
[Round "6"]
[White "Accattino, Gianfranco"]
[Black "Matta, Domenico"]
[Result "1-0"]
[WhiteElo "1440"]
[BlackElo "1394"]
[PlyCount "60"]
[EventDate "2012.09.17"]
[EventType "swiss"]
[EventRounds "7"]
[EventCountry "ITA"]
[SourceTitle "EXT 2018"]
[Source "ChessBase"]
[SourceDate "2017.10.13"]
[SourceVersion "1"]
[SourceVersionDate "2017.10.13"]
[SourceQuality "1"]

1. e4 e5 2. Nf3 d6 3. d4 exd4 4. Nxd4 d5 5. exd5 Qxd5 6. Nc3 Bb4 7. a3 Bxc3+ 8. bxc3 Ne7 9. c4 Qe5+ 10. Be3 Bd7 11. Bd3 Nbc6 12. Nf3 Qf6 13. 0-0 h6 14. Be4 0-0-0 15. Qe2 Bf5 16. Bd3 Rd7 17. c5 Rhd8 18. Rfd1 Nd5 19. Bd2 Nd4 20. Nxd4 Bxd3 21. Qxd3 Nf4 22. Qf3 Rxd4 23. Bxf4 Qxf4 24. Qe2 Qe4 25. Kf1 Qd5 26. Ke1 Qxc5 27. Qe3 Rxd1+ 28. Rxd1 Qxe3+ 29. fxe3 Rd6 30. c4 Rd3 1-0

[Event "Torino Sada op"]
[Site "Torino"]
[Date "2012.10.01"]
[Round "3"]
[White "Accattino, Gianfranco"]
[Black "Bolmida, Carlo"]
[Result "0-1"]
[WhiteElo "1440"]
[BlackElo "1676"]
[PlyCount "86"]
[EventDate "2012.09.17"]
[EventType "swiss"]
[EventRounds "7"]
[EventCountry "ITA"]
[SourceTitle "EXT 2018"]
[Source "ChessBase"]
[SourceDate "2017.10.13"]
[SourceVersion "1"]
[SourceVersionDate "2017.10.13"]
[SourceQuality "1"]

1. e4 d5 2. exd5 Nf6 3. Bc4 Nxd5 4. Nc3 c6 5. Nf3 Bg4 6. d4 e6 7. a3 a5 8. Qd3 Bd6 9. 0-0 Qc7 10. g3 Nd7 11. Re1 Bf5 12. Qd2 Be7 13. Ne4 Bxe4 14. Rxe4 N7f6 15. Re2 0-0 16. Qd3 b5 17. Bxd5 Nxd5 18. Bd2 b4 19. c3 c5 20. c4 Nf6 21. Bf4 Qb7 22. Rae1 cxd4 23. Nxd4 Rfd8 24. Qe3 Ng4 25. Qe4 Qxe4 26. Rxe4 Bc5 27. Be5 Nxe5 28. Nxe6 Nf3+ 29. Kf1 Nxe1 30. Nxd8 Rxd8 31. Rxe1 bxa3 32. bxa3 Bxa3 33. Re5 Bb4 34. c5 f6 35. Rf5 Rc8 36. Ke2 Rxc5 37. Rxc5 Bxc5 38. f3 a4 39. Kd1 a3 40. Kc1 Kf7 41. Kb1 Ke6 42. Ka2 Kd5 43. g4 Kd4 0-1